Statistics for British Traditions

Click here to take the quiz!

General Stats

  • This quiz has been taken 47 times
  • The average score is 8 of 15

Answer Stats

QuestionAnswer% Correct
Burns nightScottish
86%
St Dwynwen's DayWelsh
84%
St David's DayWelsh
82%
The Military TattooEdinburgh
80%
Morris DancingEnglish
80%
Tossing the caberScottish highlands
80%
Pearly kings and queensLondon(east end)
77%
CeilidhsScottish
57%
Up-Helly-aaShetland
50%
"Marry in September's shine, your living will be rich and fine".English
36%
St Stephen's DayNorthern Irish
32%
Pickled egg, coated in black pudding and sausage meat, deep fried until crispyManchester
27%
Wooden lovespoonNorthern Irish
16%
Potato breadWelsh
11%
Brara BrithNorthern Irish
7%

Score Distribution

Percentile by Number Answered

Percent of People with Each Score

Your Score History

You have not taken this quiz